| 000 -LEADER |
| fixed length control field |
00460cam a22001097a 4500 |
| 008 - FIXED-LENGTH DATA ELEMENTS--GENERAL INFORMATION |
| fixed length control field |
180718b1919 xxu||||| |||| 00| 0 eng d |
| 082 ## - DEWEY DECIMAL CLASSIFICATION NUMBER |
| Classification number |
O11x54 In2 |
| 245 ## - TITLE STATEMENT |
| Title |
Report of the committee appointed by the Government of India to examine the question of the re-organization of the medical services in India |
| Statement of responsibility, etc. |
by Medical Services Committee |
| 260 ## - PUBLICATION, DISTRIBUTION, ETC. |
| Place of publication, distribution, etc. |
Simla |
| Name of publisher, distributor, etc. |
Government Central Press |
| Date of publication, distribution, etc. |
1919 |
| 300 ## - PHYSICAL DESCRIPTION |
| Extent |
98p. |
| 700 ## - ADDED ENTRY--PERSONAL NAME |
| Personal name |
Himachal Pradesh. Medical Services Committee |